| 000 | 00437cam a22001337a 4500 | ||
|---|---|---|---|
| 008 | 180718b1990 xxu||||| |||| 00| 0 eng d | ||
| 082 | _aAPPPA 89-90 SAI | ||
| 100 | _aSai, K.S.K. | ||
| 245 |
_aForeign collaborations in the telecommunications industry _cby K.S.K. Sai |
||
| 260 |
_aNew Delhi _bIndian Institute of Public Administration _c1990 |
||
| 300 | _a88p. | ||
| 650 | _aTelecommunications industry | ||
| 650 | _aForeign collaborations | ||
| 999 |
_c501486 _d501486 |
||